বঙ্গবন্ধু শেখ মুজিব / (Record no. 76269)
[ view plain ]
| 000 -LEADER | |
|---|---|
| fixed length control field | 01217nam a2200277 a 4500 |
| 001 - CONTROL NUMBER | |
| control field | 76269 |
| 003 - CONTROL NUMBER IDENTIFIER | |
| rucl marc code | BD-RjUL |
| 005 - DATE AND TIME OF LATEST TRANSACTION | |
| control field | 20211209082822.0 |
| 008 - FIXED-LENGTH DATA ELEMENTS--GENERAL INFORMATION | |
| fixed length control field | 191118s1998 bg ||||| |||| 00| 0aben d |
| 020 ## - INTERNATIONAL STANDARD BOOK NUMBER | |
| International Standard Book Number | 9844010705 |
| Terms of availability | : Tk. 600.00 |
| 035 ## - SYSTEM CONTROL NUMBER | |
| System control number | (BD-RjUL)76452 |
| 040 ## - CATALOGING SOURCE | |
| Original cataloging agency | BD-RjUL |
| Language of cataloging | ben/eng |
| Transcribing agency | BD-RjUL |
| Modifying agency | BD-RjUL |
| 041 ## - LANGUAGE CODE | |
| Language code of text/sound track or separate title | ben |
| 082 ## - DEWEY DECIMAL CLASSIFICATION NUMBER | |
| Edition number | 23 |
| Classification number | B 954.9205092 |
| Author mark and year | ISB 1998 |
| 100 1# - MAIN ENTRY--PERSONAL NAME | |
| Personal name | ইসলাম, মযহারুল |
| 9 (RLIN) | 235088 |
| 245 10 - TITLE STATEMENT | |
| Title | বঙ্গবন্ধু শেখ মুজিব / |
| Statement of responsibility, etc. | মযহারুল ইসলাম |
| 250 ## - EDITION STATEMENT | |
| Edition statement | ৩য় সং. |
| 260 ## - PUBLICATION, DISTRIBUTION, ETC. (IMPRINT) | |
| Place of publication, distribution, etc. | ঢাকা : |
| Name of publisher, distributor, etc. | আগামী প্রকাশনী, |
| Date of publication, distribution, etc. | ১৯৯৮ |
| 300 ## - PHYSICAL DESCRIPTION | |
| Pagination | ৯৪৪ পৃ. ; |
| Size | ২২ সেমি |
| 504 ## - BIBLIOGRAPHY, ETC. NOTE | |
| Bibliography, etc | গ্রন্থপঞ্জী : পৃ. [৯৩৫]-৯৪৪ |
| 600 ## - SUBJECT ADDED ENTRY--PERSONAL NAME | |
| Personal name | রহমান, শেখ মুজিবুর, |
| Titles and other words associated with a name | বঙ্গবন্ধু, |
| Dates associated with a name | ১৯২০-১৯৭৫ |
| General subdivision | জীবনী |
| Personal name | Rahman, Sheikh Mujibur, |
| Titles and other words associated with a name | Bangababdhu, |
| Dates associated with a name | 1920-1975 |
| General subdivision | Biography. |
| 650 ## - SUBJECT ADDED ENTRY--TOPICAL TERM | |
| Topical term or geographic name as entry element | রাজনীতিবিদ |
| Geographic subdivision | বাংলাদেশ |
| Form subdivision | জীবনী |
| 9 (RLIN) | 235074 |
| Topical term or geographic name as entry element | Politicians |
| Geographic subdivision | Bangladesh |
| Form subdivision | Biography. |
| 9 (RLIN) | 235091 |
| 942 ## - ADDED ENTRY ELEMENTS (KOHA) | |
| Source of classification or shelving scheme | Dewey Decimal Classification |
| Koha item type | Books |
| Lost status | Source of classification or shelving scheme | Damaged status | Not for loan | Collection code | Permanent Location | Current Location | Shelving location | Date acquired | Source of acquisition | Cost, normal purchase price | Total Checkouts | Full call number | Date last seen | Copy number | Koha item type | Total Renewals | Date checked out |
|---|---|---|---|---|---|---|---|---|---|---|---|---|---|---|---|---|---|
| Dewey Decimal Classification | Not For Loan | Non-fiction | Central Library, University of Rajshahi | Central Library, University of Rajshahi | Reading Room | 24/09/1998 | The Author | 600.00 | B 954.9205092 ISB 1998 | 18/11/2019 | C-1 | Books | |||||
| Dewey Decimal Classification | Non-fiction | Central Library, University of Rajshahi | Central Library, University of Rajshahi | 24/09/1998 | The Author | 600.00 | B 954.9205092 ISB 1998 | 18/11/2019 | C-2 | Books | |||||||
| Dewey Decimal Classification | Non-fiction | Central Library, University of Rajshahi | Central Library, University of Rajshahi | 24/09/1998 | The Author | 600.00 | B 954.9205092 ISB 1998 | 18/11/2019 | C-3 | Books | |||||||
| Dewey Decimal Classification | Non-fiction | Central Library, University of Rajshahi | Central Library, University of Rajshahi | 24/09/1998 | The Author | 600.00 | B 954.9205092 ISB 1998 | 18/11/2019 | C-4 | Books | |||||||
| Dewey Decimal Classification | Non-fiction | Central Library, University of Rajshahi | Central Library, University of Rajshahi | 24/09/1998 | The Author | 600.00 | B 954.9205092 ISB 1998 | 18/11/2019 | C-5 | Books | |||||||
| Dewey Decimal Classification | Non-fiction | Central Library, University of Rajshahi | Central Library, University of Rajshahi | 24/09/1998 | The Author | 600.00 | 2 | B 954.9205092 ISB 1998 | 15/12/2021 | C-6 | Books | 15/12/2021 | |||||
| Dewey Decimal Classification | Non-fiction | Central Library, University of Rajshahi | Central Library, University of Rajshahi | 24/09/1998 | The Author | 600.00 | 1 | B 954.9205092 ISB 1998 | 05/12/2021 | C-7 | Books | 05/03/2020 |